| 000 | 00367nam a22001457a 4500 | ||
|---|---|---|---|
| 003 | SGT | ||
| 020 | _a0-8938-9-074-X | ||
| 082 |
_a320 _bM81B |
||
| 100 | _aBHARATI, SWAMI VEDA | ||
| 245 | _aMANTRA & MEDITATION : SUPER CONSCIOUS MEDITATION | ||
| 260 |
_bTHE HIMALAYAN INTERNATIONAL INSTITUTE _c1981 |
||
| 300 | _a247 | ||
| 650 | _aPOLITICAL SCIENCE | ||
| 942 |
_2ddc _cBK |
||
| 999 |
_c28038 _d28038 |
||